| 000 | 00838nam a2200265 i 4500 | ||
|---|---|---|---|
| 001 | 187112 | ||
| 003 | SpMaBN | ||
| 005 | 20250830101610.0 | ||
| 008 | 170418s1988 sp |||| |aspa d | ||
| 020 | _a84-01-23003-9 | ||
| 080 | _a929 Agee, Philip | ||
| 080 | _a327.84(73) | ||
| 100 | 1 |
_aAgee, Philip. _918540 |
|
| 245 | 1 | 0 |
_aAcoso y fuga _b: con la CIA en los talones / _cPhilip Agee ; [traducción de José Ferrer Aleu]. |
| 250 | _a1ª ed. | ||
| 260 |
_aEsplugues de Llobregat, Barcelona : _bPlaza & Janés, _c1988. |
||
| 300 |
_a415 p. ; _c22 cm. |
||
| 490 | 1 | _aHombre y sociedad | |
| 600 | 1 | 7 |
_aAgee, Philip. _918540 |
| 610 | 1 | 4 |
_aEstados Unidos. _bCentral Intelligence Agency _94019 |
| 700 | 1 |
_aFerrer Aleu, J. _950442 |
|
| 830 | 0 |
_aHombre y sociedad _9182556 |
|
| 852 |
_aES-MaACL _jL-31434 |
||
| 999 |
_c187112 _d187112 |
||